000 01013nam a2200313 i 4500
001 000008177
003 DO-SdBNP
005 20250227073849.0
007 ta
008 090915s1993 dr 001 0 spa d
020 _a0847701883
040 _aDO-SdBNP
_bspa
_cBNPHU
_erda
041 _aspa
049 _aBNPD
082 4 _aRD863.44
_bA347s
100 1 _aAlcántara Almánzar, José
_d1946-
_eautor
_4aut.
_97018
245 1 3 _aEl sabor de lo prohibido :
_bantología personal de cuentos /
_cJosé Alcántara Almánzar.
264 4 _aSan Juan :
_bUniversidad de Puerto Rico,
_c©1993.
300 _a226 páginas ;
_c21 cm.
336 _atexto
_btxt
_2rdacontent
337 _asin mediación
_bn
_2rdamedia
338 _avolumen
_bnc
_2rdacarrier
490 0 _aColección Caribeña
500 _aIncluye datos biográficos en la contracubierta.
650 7 _aCuentos dominicanos
_9176
_2LEMB
650 7 _aLiteratura dominicana.
_967
_2LEMB
910 _aValidado. Control de calidad MFF
942 _2ddc
_cLBS1
999 _c7953
_d7953